Normal view
MARC view
Entry Personal Name
001 - CONTROL NUMBER
- control field: 36756
003 - CONTROL NUMBER IDENTIFIER
- control field: ARRUPE
005 - DATE AND TIME OF LATEST TRANSACTION
- control field: 20171006105452.0
008 - FIXED-LENGTH DATA ELEMENTS
- fixed length control field: 171006|| aca||aabn | a|a d
040 ## - CATALOGING SOURCE
- Original cataloging agency: ARRUPE
- Transcribing agency: ARRUPE
100 ## - HEADING--PERSONAL NAME
- Personal name: Zitner, Sheldon P.
670 ## - SOURCE DATA FOUND
- Source citation: Work cat.: (ARRUPE)0: Zitner, Sheldon P., A preface to literary analysis, 1964